|
|
|
|
| LEADER |
00000nam a2200000 a 4500 |
| 001 |
UCX8369 |
| 003 |
CL-VaPUC |
| 005 |
20200826165935.0 |
| 008 |
940325e19880000FR |||||||||||||||||fre|d |
| 999 |
|
|
|c 227895
|d 227893
|
| 040 |
|
|
|c Pontificia Universidad Católica de Valparaíso
|
| 082 |
0 |
4 |
|a 516.007 BOU 1988
|2 21
|
| 100 |
0 |
|
|a Boudarel, J
|9 325478
|
| 245 |
1 |
0 |
|a Angles de couples et rotations
|
| 260 |
0 |
3 |
|a París, Francia
|b IREM
|c 1988
|
| 300 |
|
|
|a 82 páginas
|
| 583 |
|
|
|a last modification
|c 19940325 00:00:00
|k Rodrigo Vera
|
| 650 |
|
7 |
|a GEOMETRIA
|2 CL-VaPUC
|9 270402
|
| 650 |
|
0 |
|a ENSEÑANZA DE LA GEOMETRIA
|9 435290
|
| 700 |
0 |
|
|a Colmez, F
|9 325479
|
| 700 |
0 |
|
|a Parzysz, B
|9 325480
|
| 942 |
|
|
|c BK
|2 ddc
|
| 945 |
|
|
|d 19940325 00:00:00
|a mfernand
|
| 952 |
|
|
|0 0
|1 0
|2 ddc
|4 0
|6 516_007000000000000_BOU_1988
|7 0
|8 A
|9 227185
|a BIBMAT
|b BIBMAT
|d 2019-11-15
|i 296323K
|o 516.007 BOU 1988
|p 296323K
|r 2025-01-07
|t 1
|w 2019-11-15
|y BK
|k MAT
|